000 00582nam a2200205 4500
005 20260225134457.0
008 250917b |||||||| |||| 00| 0 eng d
020 _a9789350971413
041 _aEnglish
082 _a372.6
_bRAI
100 _aRai Urmila
245 _aBusiness Communication
260 _aMumbai
_bHimalaya Publishing House
_c2023
300 _a426
365 _b403.75
_cRs.00
520 _aPart I Communication Theory Part II Oral Communication Part III Written Communication
650 _aEnglish Communication
700 _aRai S. M.
942 _cBK
999 _c367818
_d367818